<?xml version="1.0" encoding="UTF-8"?><?xml-stylesheet type="text/xsl" href="static/style.xsl"?><OAI-PMH xmlns="http://www.openarchives.org/OAI/2.0/" xmlns:xsi="http://www.w3.org/2001/XMLSchema-instance" xsi:schemaLocation="http://www.openarchives.org/OAI/2.0/ http://www.openarchives.org/OAI/2.0/OAI-PMH.xsd"><responseDate>2026-06-04T11:57:08Z</responseDate><request verb="GetRecord" identifier="oai:recam.amb.cat:20.500.14439/4688" metadataPrefix="marc">https://recam.amb.cat/rest/oai/request</request><GetRecord><record><header><identifier>oai:recam.amb.cat:20.500.14439/4688</identifier><datestamp>2026-04-23T08:57:16Z</datestamp><setSpec>com_20.500.14439_2794</setSpec><setSpec>com_20.500.14439_113</setSpec><setSpec>col_20.500.14439_4201</setSpec></header><metadata><record xmlns="http://www.loc.gov/MARC21/slim" xmlns:dcterms="http://purl.org/dc/terms/" xmlns:xsi="http://www.w3.org/2001/XMLSchema-instance" xmlns:doc="http://www.lyncode.com/xoai" xsi:schemaLocation="http://www.loc.gov/MARC21/slim http://www.loc.gov/standards/marcxml/schema/MARC21slim.xsd">
   <leader>00925njm 22002777a 4500</leader>
   <datafield ind2=" " ind1=" " tag="042">
      <subfield code="a">dc</subfield>
   </datafield>
   <datafield ind2=" " ind1=" " tag="720">
      <subfield code="a">Institut d'Estudis Regionals i Metropolitans de Barcelona</subfield>
      <subfield code="e">author</subfield>
   </datafield>
   <datafield ind2=" " ind1=" " tag="260">
      <subfield code="c">1993-06-01</subfield>
   </datafield>
   <datafield ind2=" " ind1=" " tag="520">
      <subfield code="a">El quadern que el lector té a les mans esta dedicat a l'anàlisi dels principals projectes urbanístics que avui es proposen en el cor del sistema metropolità: el continu urbà. Els materials que s'hi apleguen foren elaborats arran d'un seminari organitzat pel Gabinet d'Estudis Urbanistics de l'Ajuntament de Barcelona el proppassat mes de març.
En conjunt s'hi publiquen sis articles, en cada un dels quals s'estudien els principals projectes d'un municipi de la conurbació. Els articles tracten qüestions de tres ordres: l'encaix territorial del municipi en el continu urbà; les principals línies estratègiques de desenvolupament territorial que el municipi proposa; i les actuacions urbanístiques més destacades que s'hi realitzen.
Els autors dels treballs són, en tots els casos, tècnics que han estat i estan directament relacionats amb el planejament del territori en estudi. Així, l'article sobre Barcelona -que té un caire introductori mes ampli-es obra dels arquitectes Juli Esteban i Amador Ferrer, del Gabinet d'Estudis Urbanistics de l'Ajuntament barceloní. Constantí Vidal, arquitecte municipal, ha redactat el treball referent al Prat de Llobregat. El cas del l'Hospitalet és exposat per Antoni Nogués, Joaquim Sufer i Jordi Ferrer, jurista, arquitecte i geograt, respectivament, que ocupen responsabilitats diverses a l'ajuntament de la cutat. Els arquitectes Lluis Cantallops, Manuel Ribas i Estanislau Roca presenten el pla del marge dret del Besos a Sant Adria. Finalment, els projectes de Santa Coloma i Badalona són analitzats per Imanol Pujana i Frances Permiquel, arquitectes dels respectius ajuntaments.</subfield>
   </datafield>
   <datafield ind1="8" ind2=" " tag="024">
      <subfield code="a">8488068301</subfield>
   </datafield>
   <datafield ind1="8" ind2=" " tag="024">
      <subfield code="a">https://hdl.handle.net/20.500.14439/4688</subfield>
   </datafield>
   <datafield ind1="8" ind2=" " tag="024">
      <subfield code="a">B 25643</subfield>
   </datafield>
   <datafield tag="653" ind2=" " ind1=" ">
      <subfield code="a">Urbanisme</subfield>
   </datafield>
   <datafield ind2="0" ind1="0" tag="245">
      <subfield code="a">La conurbació barcelonina: realitzacions i projectes. Papers, 13</subfield>
   </datafield>
</record></metadata></record></GetRecord></OAI-PMH>